The resurrection of Jesus Christ. (Record no. 7608)

000 -LEADER
fixed length control field 00552nam a2200181 a 4500
001 - CONTROL NUMBER
control field :::00005369$&:&@@
003 - CONTROL NUMBER IDENTIFIER
control field OkBaRHE
005 - DATE AND TIME OF LATEST TRANSACTION
control field 20000607103325.0
008 - FIXED-LENGTH DATA ELEMENTS--GENERAL INFORMATION
fixed length control field s1973 j 000 0 eng u
040 ## - CATALOGING SOURCE
Transcribing agency
100 1# - MAIN ENTRY--PERSONAL NAME
Personal name O'Collins, Gerald.
245 14 - TITLE STATEMENT
Title The resurrection of Jesus Christ.
260 ## - PUBLICATION, DISTRIBUTION, ETC. (IMPRINT)
Place of publication, distribution, etc Valley Forge, PA., :
Name of publisher, distributor, etc Judson Press
Date of publication, distribution, etc 1973
300 ## - PHYSICAL DESCRIPTION
Extent xiv, 142 p. ;
Dimensions 22 cm.
650 ## - SUBJECT ADDED ENTRY--TOPICAL TERM
Topical term or geographic name as entry element Jesus Christ
General subdivision Resurrection
942 ## - ADDED ENTRY ELEMENTS (KOHA)
Source of classification or shelving scheme
Koha item type Books
Copies
Lost status Koha item type Shelving location Source of classification or shelving scheme Copy number Date acquired Permanent Location Not for loan Date last seen Damaged status Barcode Withdrawn status Price effective from Full call number
 BooksGeneral Stacks 12010-04-14RHEMA Bible Training College 2010-04-14 5369 2010-04-14BT 481 .O34